[Event "British Universities-ch"]
[Site "Leicester"]
[Date "2024.02.25"]
[Round "?"]
[White "Verma, Aditya"]
[Black "Lee, Zhia Chen Zachary"]
[Result "1-0"]
[WhiteElo "1981"]
[BlackElo "2004"]
[PlyCount "79"]
[EventDate "2024.02.24"]
[EventType "team-swiss (rapid)"]
[EventRounds "9"]
[EventCountry "ENG"]
[SourceTitle "CB11_2024"]
[SourceDate "2024.03.13"]
[SourceVersion "1"]
[SourceVersionDate "2024.03.13"]
[SourceQuality "1"]
[WhiteTeam "Bath"]
[BlackTeam "Bristol"]
[WhiteTeamCountry "ENG"]
[BlackTeamCountry "ENG"]

1. e4 c6 2. d4 d5 3. e5 Bf5 4. Nc3 e6 5. g4 Bg6 6. Nge2 c5 7. h4 h5 8. Nf4 Bh7 9. Nxh5 Nc6 10. Bb5 cxd4 11. Qxd4 Nge7 12. Bg5 Bxc2 13. Rc1 Qd7 14. Qd2 Bg6 15. Nf4 Bh7 16. 0-0 a6 17. Ba4 d4 18. Rfd1 f6 19. exf6 e5 20. fxe7 Qxg4+ 21. Kf1 Bxe7 22. Bxe7 dxc3 23. Bxc6+ bxc6 24. Qd6 exf4 25. Bg5 Qh3+ 26. Kg1 Ra7 27. Re1+ Kf7 28. Qxf4+ Kg6 29. Qe4+ Kh5 30. Qe2+ Qg4+ 31. Qxg4+ Kxg4 32. Rxc3 Rc7 33. Re5 Rf7 34. Rxc6 Rhf8 35. Rc4+ Kh3 36. Rc3+ Rf3 37. Ree3 Kg4 38. Rc4+ Kh3 39. h5 Rxe3 40. Rh4# 1-0

[Event "British Universities-ch"]
[Site "Leicester"]
[Date "2024.02.25"]
[Round "?"]
[White "Verma, Aditya"]
[Black "O'Gorman, Tom"]
[Result "0-1"]
[WhiteElo "1981"]
[BlackElo "2277"]
[PlyCount "46"]
[EventDate "2024.02.24"]
[EventType "team-swiss (rapid)"]
[EventRounds "9"]
[EventCountry "ENG"]
[SourceTitle "CB11_2024"]
[SourceDate "2024.03.13"]
[SourceVersion "1"]
[SourceVersionDate "2024.03.13"]
[SourceQuality "1"]
[WhiteTeam "Bath"]
[BlackTeam "Oxford"]
[WhiteTeamCountry "ENG"]
[BlackTeamCountry "ENG"]

1. e4 e5 2. Nf3 Nc6 3. d4 exd4 4. Bc4 Bc5 5. c3 Nf6 6. 0-0 Nxe4 7. cxd4 d5 8. dxc5 dxc4 9. Qe2 Qd3 10. Re1 f5 11. Nc3 0-0 12. Nxe4 fxe4 13. Qxe4 Bf5 14. Qh4 Bg6 15. Be3 Rxf3 16. gxf3 Ne5 17. Qg3 Qd5 18. Red1 Bd3 19. Kg2 Rf8 20. Bf4 Ng6 21. Bg5 h6 22. Bxh6 Rxf3 23. Qxg6 Rf6+ 0-1

[Event "London Mindsports op"]
[Site "London"]
[Date "2023.09.13"]
[Round "1"]
[White "Verma, Aditya"]
[Black "Willow, Jonah B"]
[Result "0-1"]
[WhiteElo "2140"]
[BlackElo "2410"]
[PlyCount "64"]
[EventDate "2023.09.13"]
[EventType "swiss"]
[EventRounds "9"]
[EventCountry "ENG"]
[SourceTitle "EXT 2024"]
[Source "ChessBase"]
[SourceDate "2023.10.10"]
[SourceVersion "1"]
[SourceVersionDate "2023.10.10"]
[SourceQuality "1"]

1. e4 c5 2. Nf3 e6 3. d4 cxd4 4. Nxd4 a6 5. Nc3 Qc7 6. Be3 Bb4 7. Nde2 Nf6 8. a3 Be7 9. Nd4 b5 10. Bd3 Bb7 11. 0-0 0-0 12. f4 d6 13. Qf3 Nc6 14. Qg3 Na5 15. f5 e5 16. Nde2 Kh8 17. Bg5 Nc4 18. Bxc4 Qxc4 19. Qd3 Qc5+ 20. Be3 Qc6 21. Bg5 Nxe4 22. Bxe7 Nxc3 23. Rf2 Ne4 24. Bxf8 Nxf2 25. Bxg7+ Kxg7 26. Qg3+ Kh8 27. Qxf2 Qxc2 28. Rc1 Qxb2 29. Rc7 Qb1+ 30. Rc1 Qe4 31. Nc3 Rc8 32. Re1 Qxg2+ 0-1

[Event "Hull 4NCL op-A"]
[Site "Hull"]
[Date "2023.09.10"]
[Round "5"]
[White "Verma, Aditya"]
[Black "Arora, Tashika"]
[Result "1-0"]
[WhiteElo "2140"]
[BlackElo "1975"]
[PlyCount "77"]
[EventDate "2023.09.08"]
[EventType "swiss"]
[EventRounds "5"]
[EventCountry "ENG"]
[SourceTitle "EXT 2024"]
[Source "ChessBase"]
[SourceDate "2023.10.10"]
[SourceVersion "1"]
[SourceVersionDate "2023.10.10"]
[SourceQuality "1"]

1. e4 e5 2. Nf3 Nc6 3. Bc4 Nf6 4. Ng5 d5 5. exd5 Na5 6. Bb5+ c6 7. dxc6 bxc6 8. Bd3 Qd5 9. 0-0 Be7 10. Nc3 Qd8 11. Qe2 0-0 12. h3 Qc7 13. Re1 Bd6 14. Nce4 Nxe4 15. Nxe4 Re8 16. Qf3 f5 17. Nxd6 Qxd6 18. Bxf5 Rf8 19. Qd3 Qc5 20. Bxh7+ Kh8 21. Rf1 Qb6 22. Bg6 Qb4 23. Qe4 Qe7 24. d4 Be6 25. Qxe5 Qh4 26. Bg5 Nc4 27. Bxh4 Nxe5 28. dxe5 Rf4 29. Bg3 Rb4 30. b3 a5 31. Rfd1 a4 32. bxa4 Rbxa4 33. Rd6 Bd5 34. e6 R4a7 35. Re1 Re7 36. Bh4 Rxe6 37. Rdxe6 Bxe6 38. Rxe6 Kg8 39. Re8+ 1-0

[Event "Hull 4NCL op-A"]
[Site "Hull"]
[Date "2023.09.08"]
[Round "1"]
[White "Pranava, Ravikumar"]
[Black "Verma, Aditya"]
[Result "0-1"]
[WhiteElo "1803"]
[BlackElo "2140"]
[PlyCount "74"]
[EventDate "2023.09.08"]
[EventType "swiss"]
[EventRounds "5"]
[EventCountry "ENG"]
[SourceTitle "EXT 2024"]
[Source "ChessBase"]
[SourceDate "2023.10.10"]
[SourceVersion "1"]
[SourceVersionDate "2023.10.10"]
[SourceQuality "1"]

1. Nf3 d5 2. e3 Nf6 3. d4 e6 4. Bd3 c5 5. b3 Nc6 6. Bb2 Bd6 7. 0-0 Qc7 8. c4 cxd4 9. exd4 0-0 10. Nc3 a6 11. c5 Be7 12. Na4 h6 13. Nb6 Rb8 14. Re1 Nd7 15. Nxc8 Rfxc8 16. Qd2 a5 17. Rac1 b6 18. cxb6 Qxb6 19. Rc2 Nb4 20. Rxc8+ Rxc8 21. Bb1 a4 22. a3 Nc6 23. b4 Nxb4 24. Rc1 Rxc1+ 25. Qxc1 Nc6 26. Qc2 Nf8 27. Qc1 Bf6 28. Bc2 Nxd4 29. Bxd4 Bxd4 30. Nxd4 Qxd4 31. Qd1 Qc3 32. Bxa4 Qxa3 33. g3 Qc3 34. Bb3 d4 35. f4 d3 36. Ba4 Ng6 37. Bb5 Qc5+ 0-1

[Event "GBR-ch Major op 109th"]
[Site "Leicester"]
[Date "2023.07.26"]
[Round "5"]
[White "Salmons, Calum"]
[Black "Verma, Aditya"]
[Result "0-1"]
[WhiteElo "1977"]
[BlackElo "2138"]
[PlyCount "94"]
[EventDate "2023.07.22"]
[EventType "swiss"]
[EventRounds "9"]
[EventCountry "ENG"]
[SourceTitle "EXT 2024"]
[Source "ChessBase"]
[SourceDate "2023.10.10"]
[SourceVersion "1"]
[SourceVersionDate "2023.10.10"]
[SourceQuality "1"]

1. d4 d5 2. Bf4 Nf6 3. e3 e6 4. Nf3 Bd6 5. Bg3 0-0 6. Nbd2 c5 7. c3 Qc7 8. Ne5 b6 9. f4 a5 10. Bh4 Nbd7 11. g4 Ba6 12. g5 Ne8 13. Bh3 Nxe5 14. fxe5 Be7 15. Qg4 Bd3 16. Bf1 Bf5 17. Qg2 Qc6 18. Be2 b5 19. 0-0 Nc7 20. Nf3 Qd7 21. Rfd1 b4 22. c4 Be4 23. b3 a4 24. Bd3 axb3 25. Bxe4 dxe4 26. Nd2 Rxa2 27. Qxe4 Qa4 28. Qb1 Qa3 29. Nxb3 Rxa1 30. Nxa1 Qxe3+ 31. Bf2 Qxg5+ 32. Kh1 cxd4 33. Bxd4 Qf4 34. Nb3 Ra8 35. Rf1 Qg4 36. Qc2 Ra3 37. Bb6 Qh3 38. Qf2 Qf5 39. Qg2 Qg6 40. Qb7 Rxb3 41. Bxc7 h5 42. Bd6 Bg5 43. c5 Be3 44. Qc6 Rb1 45. Qe8+ Kh7 46. Rxb1 Qxb1+ 47. Kg2 Qe4+ 0-1

[Event "Daventry 4NCL Easter op-A 3rd"]
[Site "Daventry"]
[Date "2023.04.08"]
[Round "2"]
[White "Dicen, Elis Denele"]
[Black "Verma, Aditya"]
[Result "0-1"]
[WhiteElo "1872"]
[BlackElo "2149"]
[PlyCount "126"]
[EventDate "2023.04.07"]
[EventType "swiss"]
[EventRounds "7"]
[EventCountry "ENG"]
[SourceTitle "CBM 213 Extra"]
[Source "ChessBase"]
[SourceDate "2023.05.31"]
[SourceVersion "1"]
[SourceVersionDate "2023.05.31"]
[SourceQuality "1"]

1. d4 d5 2. c4 e6 3. Nc3 Nf6 4. cxd5 exd5 5. Bg5 c6 6. e3 Nbd7 7. Bd3 Be7 8. Qc2 0-0 9. Nge2 h6 10. Bh4 Re8 11. 0-0 Nf8 12. f3 b5 13. Bf2 Bd7 14. Nd1 Rc8 15. e4 dxe4 16. fxe4 Ne6 17. Qd2 Ng4 18. h3 Nxf2 19. Nxf2 Bg5 20. Qc3 Qb6 21. e5 c5 22. d5 Nd4 23. Nxd4 cxd4 24. Qb3 Rxe5 25. Ne4 Be3+ 26. Kh1 Rce8 27. d6 Be6 28. Qc2 Bd5 29. d7 Rd8 30. Ng3 Rxd7 31. Nf5 Qc6 32. Qe2 Be4 33. Rad1 Bxd3 34. Rxd3 Qe4 35. Nxe3 Rde7 36. Rfd1 dxe3 37. Rd8+ Kh7 38. R8d4 Qg6 39. Rd6 Qg3 40. Rf1 Rg5 41. Rdd1 Qe5 42. Rf3 Qe6 43. Re1 Re5 44. Qd3+ g6 45. b3 e2 46. Qd2 Rd7 47. Qc3 Rd1 48. Rd3 Rxe1+ 49. Qxe1 Rf5 50. Rf3 Rxf3 51. gxf3 Qxh3+ 52. Kg1 Qxf3 53. Qd2 Qf1+ 54. Kh2 e1Q 55. Qxe1 Qxe1 56. a4 bxa4 57. bxa4 Qe3 58. a5 h5 59. a6 Qf3 60. Kg1 Qe2 61. Kh1 h4 62. Kg1 h3 63. Kh1 Qg2# 0-1

[Event "Daventry 4NCL Easter op-A 3rd"]
[Site "Daventry"]
[Date "2023.04.07"]
[Round "1"]
[White "Verma, Aditya"]
[Black "Sandhu, Manvith"]
[Result "1/2-1/2"]
[WhiteElo "2149"]
[BlackElo "1860"]
[PlyCount "131"]
[EventDate "2023.04.07"]
[EventType "swiss"]
[EventRounds "7"]
[EventCountry "ENG"]
[SourceTitle "CBM 213 Extra"]
[Source "ChessBase"]
[SourceDate "2023.05.31"]
[SourceVersion "1"]
[SourceVersionDate "2023.05.31"]
[SourceQuality "1"]

1. e4 c5 2. Nf3 e6 3. d4 cxd4 4. Nxd4 a6 5. Nc3 Qc7 6. g3 Nf6 7. Bg2 d6 8. 0-0 Be7 9. Be3 0-0 10. h3 Nc6 11. Qd2 Bd7 12. g4 Nxd4 13. Bxd4 Bc6 14. Rad1 b5 15. a3 Rad8 16. g5 Nd7 17. f4 e5 18. Bf2 exf4 19. Qxf4 Ne5 20. Qc1 Rc8 21. Ne2 Qb7 22. Ng3 g6 23. Bd4 f5 24. gxf6 Bxf6 25. Qe3 Nc4 26. Qc3 Ne5 27. Qb3+ Kg7 28. Rf2 Bh4 29. Rdf1 Rxf2 30. Rxf2 Rf8 31. Rxf8 Kxf8 32. Qe3 Kg8 33. Ne2 Qf7 34. Qf4 Qxf4 35. Nxf4 Kf7 36. b3 Bg5 37. Nd5 Bc1 38. Nb4 a5 39. Nxc6 Nxc6 40. Bb6 Bxa3 41. Bf1 Bc5+ 42. Bxc5 dxc5 43. Bxb5 Nd4 44. Bd3 Kf6 45. Kf2 Ke5 46. Ke3 h6 47. Kd2 g5 48. Kc3 h5 49. Kc4 g4 50. hxg4 hxg4 51. Kxc5 g3 52. Bf1 Nxc2 53. Kb5 Nd4+ 54. Kxa5 Nxb3+ 55. Kb4 Nd2 56. Bg2 Nxe4 57. Kc4 Nf2 58. Kc3 Kf4 59. Kd2 Ng4 60. Ke2 Ne3 61. Bh1 Nf5 62. Bg2 Kg4 63. Kf1 Nh4 64. Kg1 Nf3+ 65. Bxf3+ Kxf3 66. Kf1 1/2-1/2

[Event "Newcastle Northumbria Masters"]
[Site "Newcastle on Tyne"]
[Date "2022.08.27"]
[Round "3"]
[White "Khoury, Theo"]
[Black "Verma, Aditya"]
[Result "0-1"]
[WhiteElo "1821"]
[BlackElo "2101"]
[PlyCount "88"]
[EventDate "2022.08.26"]
[EventType "swiss"]
[EventRounds "9"]
[EventCountry "ENG"]
[SourceTitle "CBM 210 Extra"]
[Source "ChessBase"]
[SourceDate "2022.11.30"]
[SourceVersion "1"]
[SourceVersionDate "2022.11.30"]
[SourceQuality "1"]

1. e4 c5 2. c3 d5 3. exd5 Qxd5 4. d4 Nc6 5. Nf3 Bf5 6. Be3 cxd4 7. Nxd4 Nf6 8. Nxf5 Qxf5 9. Nd2 Nd5 10. Qa4 Nxe3 11. fxe3 e6 12. 0-0-0 Bc5 13. Bb5 Rc8 14. Rhf1 Qg6 15. Qf4 0-0 16. Ne4 Nb4 17. Bd7 Rc7 18. Ba4 Bb6 19. Bb3 a5 20. a3 a4 21. Bc2 Nxc2 22. Kxc2 Rc4 23. Rd4 Bxd4 24. exd4 f6 25. Qf3 Rd8 26. Kb1 e5 27. Qd3 b5 28. Rf3 exd4 29. Nxf6+ gxf6 30. Rg3 Kf7 31. Rxg6 hxg6 32. Qh3 d3 33. Qh7+ Ke6 34. Qh3+ f5 35. Qe3+ Re4 36. Qb6+ Rd6 37. Qxb5 d2 38. Qe8+ Kf6 39. Qf8+ Ke5 40. Qe7+ Kd5 41. Qb7+ Ke6 42. Qc8+ Ke7 43. Qc7+ Rd7 44. Qc5+ Kf7 0-1

[Event "Leca da Palmeira op"]
[Site "Leca da Palmeira"]
[Date "2022.08.04"]
[Round "8"]
[White "Umetsubo, Cesar Hidemitsu"]
[Black "Verma, Aditya"]
[Result "1-0"]
[WhiteElo "2405"]
[BlackElo "2114"]
[PlyCount "61"]
[EventDate "2022.07.31"]
[EventType "swiss"]
[EventRounds "9"]
[EventCountry "POR"]
[SourceTitle "CBM 209 Extra"]
[Source "ChessBase"]
[SourceDate "2022.09.30"]
[SourceVersion "1"]
[SourceVersionDate "2022.09.30"]
[SourceQuality "1"]

1. d4 d5 2. Bf4 Nf6 3. e3 c5 4. c3 Nc6 5. Nd2 e6 6. Ngf3 Bd6 7. Bg3 0-0 8. Bd3 Re8 9. Ne5 Bxe5 10. dxe5 Nd7 11. f4 Nf8 12. 0-0 Bd7 13. Qh5 c4 14. Bc2 Qb6 15. Nf3 Qxb2 16. Rac1 Ne7 17. Ng5 Neg6 18. Qe2 Qa3 19. h4 h6 20. Nf3 b5 21. h5 Ne7 22. Bh4 b4 23. Nd4 Nf5 24. Bf6 bxc3 25. Qg4 g6 26. Qh3 Kh7 27. g4 Nxd4 28. exd4 Ba4 29. g5 Kg8 30. hxg6 Nxg6 31. Bxg6 1-0

[Event "Leca da Palmeira op"]
[Site "Leca da Palmeira"]
[Date "2022.08.01"]
[Round "3"]
[White "Verma, Aditya"]
[Black "Prieto Martin, Alfonso"]
[Result "1/2-1/2"]
[WhiteElo "2114"]
[BlackElo "2264"]
[PlyCount "63"]
[EventDate "2022.07.31"]
[EventType "swiss"]
[EventRounds "9"]
[EventCountry "POR"]
[SourceTitle "CBM 209 Extra"]
[Source "ChessBase"]
[SourceDate "2022.09.30"]
[SourceVersion "1"]
[SourceVersionDate "2022.09.30"]
[SourceQuality "1"]

1. e4 c5 2. Nf3 e6 3. d4 cxd4 4. Nxd4 Nf6 5. Nc3 Nc6 6. g3 d5 7. Bg2 Bb4 8. exd5 Nxd5 9. 0-0 Nxc3 10. Nxc6 Qxd1 11. Rxd1 Nxd1 12. Nxb4 0-0 13. Nd3 Rd8 14. Rb1 e5 15. Bd2 Bf5 16. Rxd1 Rac8 17. Bf1 Rxc2 18. Bc3 f6 19. f3 h5 20. Nf2 Rxd1 21. Nxd1 Rc1 22. Ne3 Bd3 23. Kf2 Bxf1 24. Nxf1 Kf7 25. h4 Ke6 26. g4 hxg4 27. fxg4 Kd5 28. Ng3 g6 29. h5 Rc2+ 30. Kf3 gxh5 31. Nxh5 Ke6 32. Ng7+ 1/2-1/2

[Event "Newcastle Northumbria Masters"]
[Site "Newcastle on Tyne"]
[Date "2021.08.30"]
[Round "8"]
[White "Verma, Aditya"]
[Black "Hutchinson, Paul A"]
[Result "1-0"]
[WhiteElo "2170"]
[BlackElo "2120"]
[PlyCount "103"]
[EventDate "2021.08.26"]
[EventType "swiss"]
[EventRounds "9"]
[EventCountry "ENG"]
[SourceTitle "CBM 204 Extra"]
[Source "ChessBase"]
[SourceDate "2021.11.30"]
[SourceVersion "1"]
[SourceVersionDate "2021.11.30"]
[SourceQuality "1"]

1. e4 d5 2. exd5 Qxd5 3. Nc3 Qa5 4. d4 Nf6 5. Nf3 c6 6. Bc4 Bg4 7. h3 Bh5 8. Qe2 e6 9. g4 Bg6 10. Bd2 Bb4 11. a3 Bxc3 12. Bxc3 Qc7 13. 0-0-0 Nbd7 14. Kb1 Nd5 15. Bd2 b5 16. Bb3 a5 17. Ne5 Nxe5 18. Qxe5 Qxe5 19. dxe5 0-0 20. f4 Rfb8 21. Rhf1 b4 22. a4 Rd8 23. f5 exf5 24. gxf5 Bh5 25. Rde1 h6 26. Bc1 Rd7 27. e6 fxe6 28. Rxe6 Rc8 29. Rg1 Kh7 30. Re4 Re8 31. Rc4 Rd6 32. Rc5 Re5 33. Bf4 Nxf4 34. Rxe5 Nxh3 35. Rh1 Bg4 36. Rxa5 h5 37. Re5 Ng5 38. a5 Nf3 39. Re7 c5 40. Bf7 h4 41. Re6 Rd8 42. Bg6+ Kh6 43. a6 Ra8 44. Be8+ Kg5 45. Bc6 Ra7 46. Bxf3 Bxf3 47. Rf1 Bg2 48. Rg6+ Kh5 49. Rxg2 Rxa6 50. Rxg7 Rf6 51. Rh7+ Kg4 52. Rg1+ 1-0

[Event "Newcastle Northumbria Masters"]
[Site "Newcastle on Tyne"]
[Date "2021.08.28"]
[Round "5"]
[White "Sedykh, Mikhail"]
[Black "Verma, Aditya"]
[Result "1/2-1/2"]
[WhiteElo "2124"]
[BlackElo "2170"]
[PlyCount "49"]
[EventDate "2021.08.26"]
[EventType "swiss"]
[EventRounds "9"]
[EventCountry "ENG"]
[SourceTitle "CBM 204 Extra"]
[Source "ChessBase"]
[SourceDate "2021.11.30"]
[SourceVersion "1"]
[SourceVersionDate "2021.11.30"]
[SourceQuality "1"]

1. d4 d5 2. c4 c6 3. Nf3 Nf6 4. e3 Bf5 5. Nc3 e6 6. Nh4 Bg6 7. Nxg6 hxg6 8. Bd3 Nbd7 9. h3 Be7 10. Qe2 Nb6 11. b3 0-0 12. 0-0 c5 13. dxc5 dxc4 14. Bxc4 Bxc5 15. Bd3 Qe7 16. Bb2 Rfd8 17. Rac1 Rac8 18. Rfd1 Ba3 19. Nb5 Bxb2 20. Rxc8 Rxc8 21. Qxb2 a6 22. Nc3 Qc7 23. Ne4 Nbd5 24. Nxf6+ Nxf6 25. a4 1/2-1/2

[Event "Newcastle Northumbria Masters"]
[Site "Newcastle on Tyne"]
[Date "2021.08.28"]
[Round "4"]
[White "Verma, Aditya"]
[Black "Rathbone Jones, Ifan"]
[Result "1-0"]
[WhiteElo "2170"]
[BlackElo "1941"]
[PlyCount "84"]
[EventDate "2021.08.26"]
[EventType "swiss"]
[EventRounds "9"]
[EventCountry "ENG"]
[SourceTitle "CBM 204 Extra"]
[Source "ChessBase"]
[SourceDate "2021.11.30"]
[SourceVersion "1"]
[SourceVersionDate "2021.11.30"]
[SourceQuality "1"]

1. e4 d6 2. g3 g6 3. Bg2 Bg7 4. Nc3 a6 5. Nge2 b5 6. a3 Bb7 7. 0-0 Nd7 8. h3 e5 9. d3 Ne7 10. Be3 0-0 11. Qd2 Nc5 12. Rad1 f5 13. f4 Ne6 14. Nd5 c5 15. c3 Nxd5 16. exd5 Nc7 17. fxe5 Bxe5 18. c4 a5 19. b3 b4 20. a4 Qe7 21. Bf2 Na6 22. Rfe1 Qg7 23. Qc1 Rfe8 24. Kh2 Rad8 25. Be3 Bb2 26. Qd2 Bc3 27. Nxc3 bxc3 28. Qf2 Nb4 29. d4 Rxe3 30. Qxe3 c2 31. Rd2 cxd4 32. Rxd4 Na2 33. Rf4 Qe5 34. Qxe5 dxe5 35. Rff1 e4 36. Ra1 Nb4 37. Rf2 Re8 38. Rc1 e3 39. Re2 g5 40. Bf3 f4 41. Rcxc2 Nxc2 42. Rxc2 Kf7 1-0

[Event "Newcastle Northumbria Masters"]
[Site "Newcastle on Tyne"]
[Date "2021.08.27"]
[Round "3"]
[White "Boswell, Jacob Connor"]
[Black "Verma, Aditya"]
[Result "1-0"]
[WhiteElo "2012"]
[BlackElo "2170"]
[PlyCount "109"]
[EventDate "2021.08.26"]
[EventType "swiss"]
[EventRounds "9"]
[EventCountry "ENG"]
[SourceTitle "CBM 204 Extra"]
[Source "ChessBase"]
[SourceDate "2021.11.30"]
[SourceVersion "1"]
[SourceVersionDate "2021.11.30"]
[SourceQuality "1"]

1. d4 d5 2. c4 c6 3. Nf3 Nf6 4. g3 Bf5 5. Bg2 e6 6. 0-0 Nbd7 7. Nc3 h6 8. Qb3 Qb6 9. c5 Qc7 10. Bf4 Qc8 11. Qd1 Be7 12. b4 0-0 13. Qb3 Ne4 14. Nxe4 Bxe4 15. Nd2 Bxg2 16. Kxg2 Bf6 17. Qc3 Re8 18. Be5 Be7 19. e4 Bf8 20. Bf4 g5 21. Be3 dxe4 22. Nxe4 f5 23. Nd2 Nf6 24. f4 g4 25. Nc4 Qd7 26. Ne5 Qd5+ 27. Kg1 Bg7 28. Qc4 Qd8 29. Rab1 Nd5 30. Bf2 Bxe5 31. dxe5 a6 32. a4 Re7 33. Rb3 Rd7 34. Rfb1 Nc7 35. Kg2 Rd5 36. Rc1 Qd7 37. Rc2 Rd8 38. Rbb2 Rd3 39. Be1 Rd4 40. Qe2 Qd5+ 41. Kg1 Kf7 42. Rd2 Ke7 43. Qf2 Qe4 44. Re2 Qd3 45. Red2 Qc4 46. Rdc2 Qd5 47. Rd2 Rxd2 48. Rxd2 Qb3 49. Rd6 Qxa4 50. h3 Nd5 51. hxg4 Rg8 52. Qh2 Qd1 53. Qh4+ Kf7 54. Rd7+ Kf8 55. Qd8# 1-0

[Event "Newcastle Northumbria Masters"]
[Site "Newcastle on Tyne"]
[Date "2021.08.27"]
[Round "2"]
[White "Verma, Aditya"]
[Black "Gillespie, Gary"]
[Result "1-0"]
[WhiteElo "2170"]
[BlackElo "1843"]
[PlyCount "57"]
[EventDate "2021.08.26"]
[EventType "swiss"]
[EventRounds "9"]
[EventCountry "ENG"]
[SourceTitle "CBM 204 Extra"]
[Source "ChessBase"]
[SourceDate "2021.11.30"]
[SourceVersion "1"]
[SourceVersionDate "2021.11.30"]
[SourceQuality "1"]

1. e4 c6 2. d4 d5 3. e5 c5 4. dxc5 e6 5. a3 Nc6 6. Nf3 Bxc5 7. b4 Bb6 8. Bb2 Nge7 9. Bd3 Ng6 10. g3 0-0 11. 0-0 Bd7 12. Nbd2 f6 13. exf6 gxf6 14. c4 Nge5 15. Be2 Be8 16. b5 Nxf3+ 17. Nxf3 Ne7 18. Nd4 Bxd4 19. Qxd4 Bg6 20. Qg4 Qd6 21. Rfd1 Rac8 22. a4 Rcd8 23. Bf3 h5 24. Qh3 Bf5 25. Qxh5 Bg6 26. Qh6 Kf7 27. Qh4 Kg7 28. cxd5 Rh8 29. Bxf6+ 1-0

[Event "EU-ch Online U16"]
[Site "Tornelo INT"]
[Date "2020.09.20"]
[Round "9"]
[White "Verma, Aditya"]
[Black "Czernek, Tymon"]
[Result "1/2-1/2"]
[WhiteElo "1829"]
[BlackElo "2002"]
[PlyCount "126"]
[EventDate "2020.09.18"]
[EventType "swiss (rapid)"]
[EventRounds "9"]
[EventCountry "NET"]
[SourceTitle "EXT 2023"]
[Source "ChessBase"]
[SourceDate "2022.10.05"]
[SourceVersion "1"]
[SourceVersionDate "2022.10.05"]
[SourceQuality "1"]
[WhiteTeam "England"]
[BlackTeam "Poland"]
[WhiteTeamCountry "ENG"]
[BlackTeamCountry "POL"]

1. e4 c5 2. Nf3 d6 3. d4 cxd4 4. Nxd4 Nf6 5. Nc3 a6 6. h3 e5 7. Nde2 b5 8. g4 Bb7 9. Bg2 Be7 10. Be3 0-0 11. 0-0 Nbd7 12. Ng3 g6 13. Bh6 b4 14. Bxf8 Nxf8 15. Nd5 Ne6 16. Ne2 Nxd5 17. exd5 Nc5 18. a3 bxa3 19. Rxa3 a5 20. Nc3 Ba6 21. Re1 Rb8 22. Qa1 Nb7 23. Ne4 Rc8 24. Rc3 Rxc3 25. Nxc3 Qb6 26. Qa3 Bh4 27. Ne4 Bc4 28. Qc3 Bxd5 29. Nf6+ Kg7 30. Bxd5 Qxf2+ 31. Kh1 Qxe1+ 32. Qxe1 Bxe1 33. Ne4 Nd8 34. Nxd6 Bb4 35. Nc4 Kf6 36. c3 Bc5 37. Nxa5 Kg5 38. Nc4 Kf4 39. Kg2 f5 40. gxf5 gxf5 41. b4 Ba7 42. b5 e4 43. b6 Bb8 44. Na5 Ke3 45. Nb3 Bd6 46. Nd4 Kd3 47. Nxf5 Bc5 48. b7 Ba7 49. c4 e3 50. Ng3 Bb8 51. Be4+ Kd4 52. Bxh7 Bxg3 53. Kxg3 Nxb7 54. Bf5 Nd6 55. Bg4 Nxc4 56. Be2 Nd6 57. h4 Kc3 58. h5 Kd2 59. Bg4 Ne4+ 60. Kf4 Nf6 61. Bf3 Nxh5+ 62. Bxh5 e2 63. Bxe2 Kxe2 1/2-1/2

[Event "EU-ch Online U16"]
[Site "Tornelo INT"]
[Date "2020.09.18"]
[Round "1"]
[White "Svane, Frederik"]
[Black "Verma, Aditya"]
[Result "1-0"]
[WhiteElo "2260"]
[BlackElo "1829"]
[PlyCount "69"]
[EventDate "2020.09.18"]
[EventType "swiss (rapid)"]
[EventRounds "9"]
[EventCountry "NET"]
[SourceTitle "EXT 2023"]
[Source "ChessBase"]
[SourceDate "2022.10.05"]
[SourceVersion "1"]
[SourceVersionDate "2022.10.05"]
[SourceQuality "1"]
[WhiteTeam "Germany"]
[BlackTeam "England"]
[WhiteTeamCountry "GER"]
[BlackTeamCountry "ENG"]

1. e4 c5 2. Nc3 Nc6 3. Nf3 g6 4. Bb5 Nd4 5. 0-0 Bg7 6. Nxd4 cxd4 7. Ne2 a6 8. Bc4 e6 9. d3 Ne7 10. Bg5 h6 11. Bxe7 Qxe7 12. f4 d6 13. Ng3 Bd7 14. a4 0-0 15. a5 Kh7 16. Qd2 f5 17. Qb4 Rab8 18. Rae1 e5 19. exf5 Bxf5 20. Bd5 Qd7 21. Ne4 Bxe4 22. Rxe4 h5 23. c3 dxc3 24. bxc3 Qc7 25. Rc4 Qd7 26. Qb6 Qf5 27. Be4 Qe6 28. Rc7 Rxf4 29. Rxf4 exf4 30. Rxg7+ Kxg7 31. Qc7+ Kh6 32. Qxb8 Qa2 33. Qf8+ Kg5 34. Qe7+ Kg4 35. h3+ 1-0